00337nam a2200133Ia 450000500170000000800410001708200170005810000290007524500220010426000390012630000130016565000130017865000120019120250514010323.0240331s9999 xx 000 0 und d a200.042bURU aUrugamuwe Wangeesa, Himi 0aBikshuni sasanaya aColombobSridevi Publicationc1986 a164 p ., aBuddhism aHistory